000 00526nam a2200169 i 4500
001 73766
003 ES-MaACL
005 20230906171922.0
007 t|
008 040910s1967 sp ||||1| spa d
100 0 _aGómez-Tabanera, José Manuel,
_d1926-2011
_958165
245 1 4 _aLas raíces de España /
_cJosé Manuel Gómez-Tabanera.
260 _aMadrid :
_bInstituto Español de Antropología Aplicada,
_c[1967]
300 _a476 p., 35 lám. ;
_c22 cm.
852 _aES-MaACL
_jE-9749
_bR.94348
999 _c73766
_d73766